[Event "Avoine op 33rd"]
[Site "Avoine"]
[Date "2018.07.22"]
[Round "2"]
[White "Drogou, Gerard"]
[Black "Deschin, Pierre Antoine"]
[Result "1-0"]
[WhiteElo "1939"]
[BlackElo "2131"]
[PlyCount "109"]
[EventDate "2018.07.21"]
[EventType "swiss"]
[EventRounds "9"]
[EventCountry "FRA"]
[SourceTitle "CBM 185 Extra"]
[Source "ChessBase"]
[SourceDate "2018.07.29"]
[SourceVersion "1"]
[SourceVersionDate "2018.07.29"]
[SourceQuality "1"]

1. d4 Nf6 2. Nf3 e6 3. e3 b6 4. Bd3 Bb7 5. 0-0 d5 6. b3 Bd6 7. Bb2 0-0 8. Ne5 c5 9. Nd2 Nc6 10. a3 Ne7 11. Qf3 Ng6 12. Qh3 Ne4 13. Rad1 f5 14. Nxg6 hxg6 15. Bxe4 dxe4 16. dxc5 Bc7 17. Nxe4 Qe7 18. cxb6 axb6 19. Nd2 Kf7 20. f4 Rh8 21. Qg3 Qc5 22. Nc4 Rhd8 23. Be5 Ba6 24. Bxc7 Bxc4 25. Rxd8 Rxd8 26. Bxd8 Bxf1 27. Kxf1 Qxc2 28. Bh4 Qxb3 29. Qf3 b5 30. Qb7+ Kg8 31. Qc8+ Kh7 32. Qc5 Qd3+ 33. Kf2 Qd2+ 34. Kf3 Qd1+ 35. Kf2 Qd2+ 36. Kf1 Qd3+ 37. Ke1 Qb1+ 38. Ke2 Qb2+ 39. Kf1 Qb1+ 40. Be1 Qb3 41. h3 Qb1 42. Qc3 Qe4 43. Kg1 Qb1 44. Kh2 Qe4 45. Qd4 Qb7 46. Bc3 Kh6 47. Qd8 Kh7 48. Qd6 Qc8 49. Qe5 Qd7 50. Qb8 Qc6 51. Be5 Qd7 52. Qc7 Qxc7 53. Bxc7 Kg8 54. Kg3 Kf7 55. Kh4 1-0

[Event "Lille Luce op 6th"]
[Site "Lille"]
[Date "2015.05.06"]
[Round "3"]
[White "Shved, Vassili"]
[Black "Drogou, Gerard"]
[Result "1/2-1/2"]
[WhiteElo "1580"]
[BlackElo "1980"]
[PlyCount "90"]
[EventDate "2015.05.04"]
[EventType "swiss"]
[EventRounds "9"]
[EventCountry "FRA"]
[SourceTitle "EXT 2017"]
[Source "ChessBase"]
[SourceDate "2016.10.25"]
[SourceVersion "1"]
[SourceVersionDate "2016.10.25"]
[SourceQuality "1"]

1. e4 Nf6 2. Nc3 e5 3. Bc4 Nc6 4. d3 Na5 5. Bb3 Bb4 6. Bg5 h6 7. Bxf6 Qxf6 8. Nge2 Nxb3 9. axb3 c6 10. 0-0 g5 11. d4 d6 12. Ra4 a5 13. Qa1 Rb8 14. Rxb4 axb4 15. Qa7 bxc3 16. Qxb8 0-0 17. dxe5 Qxe5 18. Nxc3 b5 19. Rd1 f5 20. Qxd6 Qxd6 21. Rxd6 b4 22. Na4 fxe4 23. Rxh6 Rd8 24. h4 Rd1+ 25. Kh2 Rd2 26. Rxc6 Bd7 27. Rc4 Rxf2 28. Rxe4 gxh4 29. Rxh4 Bc6 30. Rc4 Rxg2+ 31. Kh3 Bd5 32. Rg4+ Rxg4 33. Kxg4 Be4 34. c4 Bc2 35. c5 Bxb3 36. Nb6 Kf7 37. Kf4 Ke6 38. Ke4 Bc2+ 39. Kd4 Bb3 40. Nc4 Ba4 41. Ne5 Bb5 42. Nd3 Bxd3 43. Kxd3 Kd5 44. c6 Kxc6 45. Kc4 b3 1/2-1/2

[Event "Dieppe op 10th"]
[Site "Dieppe "]
[Date "2014.08.23"]
[Round "1"]
[White "Drogou, Gerard"]
[Black "Terrieux, Kevin"]
[Result "0-1"]
[WhiteElo "2035"]
[BlackElo "2417"]
[PlyCount "70"]
[EventDate "2014.08.23"]
[EventType "swiss"]
[EventRounds "9"]
[EventCountry "FRA"]
[SourceTitle "EXT 2015"]
[Source "ChessBase"]
[SourceDate "2014.11.20"]
[SourceVersion "1"]
[SourceVersionDate "2014.11.20"]
[SourceQuality "1"]

1. d4 Nf6 2. Nf3 g6 3. c4 c5 4. e3 Bg7 5. Nc3 0-0 6. Be2 cxd4 7. exd4 d5 8. 0-0 Nc6 9. Re1 Bf5 10. Bg5 dxc4 11. Bxc4 Rc8 12. Bf1 h6 13. Bh4 Qb6 14. Qb3 Qxb3 15. axb3 Rfd8 16. Bg3 Kf8 17. Bc4 a6 18. d5 Nb4 19. Nd4 Nfxd5 20. Nxf5 gxf5 21. Nxd5 Nxd5 22. Bh4 Bf6 23. Bxd5 Rxd5 24. Bxf6 exf6 25. Rad1 Rxd1 26. Rxd1 Rc2 27. Rb1 Ke7 28. g3 Kd6 29. h4 Kc5 30. Re1 Rxb2 31. Re3 a5 32. h5 Kb4 33. Re8 Kxb3 34. Rh8 a4 35. Rxh6 a3 0-1

[Event "Hastings Masters op 87th"]
[Site "Hastings"]
[Date "2012.01.03"]
[Round "7"]
[White "Marusenko, Petr"]
[Black "Drogou, Gerard"]
[Result "1-0"]
[WhiteElo "2198"]
[BlackElo "2063"]
[PlyCount "73"]
[EventDate "2011.12.28"]
[EventType "swiss"]
[EventRounds "9"]
[EventCountry "ENG"]
[SourceTitle "CBM 146 Extra"]
[Source "ChessBase"]
[SourceDate "2012.02.29"]
[SourceVersion "1"]
[SourceVersionDate "2012.02.29"]
[SourceQuality "1"]

1. d4 Nf6 2. c4 e6 3. Nc3 d5 4. cxd5 exd5 5. Bg5 c6 6. e3 Be7 7. Bd3 Bg4 8. f3 Bh5 9. Nge2 Bg6 10. Bxg6 hxg6 11. Qc2 Na6 12. 0-0-0 Nc7 13. Nf4 Qd6 14. e4 Nxe4 15. Nxe4 dxe4 16. Qxe4 Nd5 17. Nxd5 cxd5 18. Qe3 Kf8 19. Bf4 Qd7 20. Kb1 f6 21. Rc1 Bd6 22. Bxd6+ Qxd6 23. Qa3 Qxa3 24. bxa3 Rh4 25. g4 Rh3 26. Rc7 Re8 27. Rxb7 Re7 28. Rb3 g5 29. a4 Rc7 30. a5 a6 31. Rb6 Rxf3 32. Rc1 Rxc1+ 33. Kxc1 Ra3 34. Rxa6 Rxa2 35. Ra7 Ra4 36. a6 Rxd4 37. Rb7 1-0

[Event "Le Touquet op 26th"]
[Site "Le Touquet"]
[Date "2011.10.24"]
[Round "3"]
[White "Alcaraz Ortega, Javier"]
[Black "Drogou, Gerard"]
[Result "1-0"]
[WhiteElo "2333"]
[BlackElo "2063"]
[PlyCount "103"]
[EventDate "2011.10.22"]
[EventType "swiss"]
[EventRounds "9"]
[EventCountry "FRA"]
[SourceTitle "EXT 2012"]
[Source "ChessBase"]
[SourceDate "2011.11.24"]
[SourceVersion "1"]
[SourceVersionDate "2011.11.24"]
[SourceQuality "1"]

1. d4 Nf6 2. Nf3 e6 3. c4 d5 4. Nc3 Be7 5. Bg5 h6 6. Bh4 0-0 7. e3 b6 8. Be2 Bb7 9. Bxf6 Bxf6 10. cxd5 Bxd5 11. Nxd5 Qxd5 12. Nd2 c6 13. Bf3 Qb5 14. Qb3 a6 15. Nc4 Ra7 16. 0-0 Qxb3 17. axb3 b5 18. Na5 Rc7 19. Rac1 Rfc8 20. Rc2 c5 21. Rfc1 Be7 22. Bb7 Rd8 23. Kf1 c4 24. bxc4 Bb4 25. Nc6 Nxc6 26. cxb5 Rxb7 27. bxa6 Nxd4 28. axb7 Nxc2 29. Rxc2 Bd6 30. Rc8 Rf8 31. Ke2 f6 32. Kd3 Kf7 33. Kc4 Ke7 34. Kb5 Rd8 35. Kb6 Rd7 36. f4 e5 37. g3 e4 38. b4 Ke6 39. Kc6 Rxb7 40. Kxb7 Bxb4 41. Rc4 Bd2 42. Rxe4+ Kf5 43. Re7 g5 44. Kc6 Kg4 45. Kd5 Kh3 46. Ke4 Kxh2 47. Kf3 Be1 48. Rh7 Bxg3 49. Rxh6+ Bh4 50. fxg5 fxg5 51. e4 Kh3 52. Rg6 1-0

[Event "Le Touquet op 26th"]
[Site "Le Touquet"]
[Date "2011.10.22"]
[Round "1"]
[White "Gaubert, Virginie"]
[Black "Drogou, Gerard"]
[Result "0-1"]
[WhiteElo "1728"]
[BlackElo "2063"]
[PlyCount "50"]
[EventDate "2011.10.22"]
[EventType "swiss"]
[EventRounds "9"]
[EventCountry "FRA"]
[SourceTitle "EXT 2012"]
[Source "ChessBase"]
[SourceDate "2011.11.24"]
[SourceVersion "1"]
[SourceVersionDate "2011.11.24"]
[SourceQuality "1"]

1. c4 e6 2. e4 d5 3. cxd5 exd5 4. exd5 Nf6 5. Nc3 Nxd5 6. Bc4 Nb4 7. Nge2 Nd3+ 8. Bxd3 Qxd3 9. 0-0 Be7 10. Nf4 Qd4 11. Nfd5 Bd6 12. Re1+ Be6 13. Rxe6+ fxe6 14. Qh5+ g6 15. Qe2 Qe5 16. Qxe5 Bxe5 17. d4 exd5 18. dxe5 c6 19. Bh6 Na6 20. Re1 0-0-0 21. e6 Rhe8 22. g4 Nc5 23. e7 Rd6 24. Bf8 Re6 25. Rd1 Nd7 0-1

[Event "Saint Quentin op 4th"]
[Site "Saint Quentin"]
[Date "2001.04.22"]
[Round "9.31"]
[White "Drogou, Gerard"]
[Black "Francois, Jean Claude"]
[Result "1-0"]
[WhiteElo "2072"]
[BlackElo "1770"]
[PlyCount "139"]
[EventDate "2001.04.15"]
[EventType "swiss"]
[EventRounds "9"]
[EventCountry "FRA"]
[SourceTitle "EXT 2002"]
[Source "ChessBase"]
[SourceDate "2001.11.25"]
[SourceVersion "1"]
[SourceVersionDate "2001.11.25"]
[SourceQuality "1"]

1. d4 d5 2. Nf3 Nf6 3. c4 e6 4. Nc3 Nbd7 5. cxd5 exd5 6. Bg5 Be7 7. e3 c6 8. Bd3 0-0 9. 0-0 Re8 10. Qc2 h6 11. Bf4 Nf8 12. h3 Be6 13. Rab1 a6 14. Na4 Bd6 15. Bxd6 Qxd6 16. Nc5 Bc8 17. b4 N8d7 18. a4 Nxc5 19. bxc5 Qc7 20. Ne5 Be6 21. Rb4 Nd7 22. Nf3 Nf8 23. Rfb1 Ra7 24. R1b2 Re7 25. R4b3 Bc8 26. Bf5 Bxf5 27. Qxf5 Nd7 28. Nh4 Nf6 29. Qb1 Ne8 30. Qd1 Qc8 31. Qb1 Qc7 32. Nf5 Rd7 33. Qd1 Kh7 34. g4 g6 35. Nh4 Nf6 36. Nf3 Re7 37. Qb1 Ne4 38. Ne5 f6 39. Nd3 Rg7 40. Nf4 Qd7 41. f3 Ng5 42. Kf2 Ne6 43. Nxe6 Qxe6 44. Rxb7 Raxb7 45. Rxb7 Qc8 46. Rb6 Re7 47. a5 Kg7 48. Qd3 Ra7 49. e4 g5 50. exd5 cxd5 51. Qf5 Qd8 52. Rd6 Qe7 53. Qxd5 Rb7 54. Rb6 Rd7 55. Qe6 Qxe6 56. Rxe6 Rxd4 57. Rxa6 Rc4 58. c6 Kf8 59. c7 Ke7 60. Ra7 Kd7 61. Ke3 Ra4 62. Ra6 Rf4 63. Rc6 Kc8 64. a6 f5 65. a7 Ra4 66. gxf5 Rxa7 67. Kd4 Ra3 68. Ke5 Rxf3 69. Kf6 Rxh3 70. Kg7 1-0

[Event "Saint Quentin op 4th"]
[Site "Saint Quentin"]
[Date "2001.04.20"]
[Round "7.23"]
[White "Rejaibi, Samir"]
[Black "Drogou, Gerard"]
[Result "1-0"]
[WhiteElo "1499"]
[BlackElo "2072"]
[PlyCount "35"]
[EventDate "2001.04.15"]
[EventType "swiss"]
[EventRounds "9"]
[EventCountry "FRA"]
[SourceTitle "EXT 2002"]
[Source "ChessBase"]
[SourceDate "2001.11.25"]
[SourceVersion "1"]
[SourceVersionDate "2001.11.25"]
[SourceQuality "1"]

1. e4 e5 2. Nf3 d6 3. d4 Nf6 4. Nc3 Nbd7 5. Bc4 Be7 6. 0-0 0-0 7. h3 c6 8. a4 b6 9. Qe2 a6 10. Rd1 Qc7 11. dxe5 dxe5 12. Nh4 g6 13. Bh6 Rd8 14. Nf3 Bf8 15. Bxf7+ Kxf7 16. Qc4+ Ke8 17. Qe6+ Be7 18. Ng5 1-0

[Event "Paris-ch op"]
[Site "Paris"]
[Date "2000.07.15"]
[Round "1"]
[White "Drogou, Gerard"]
[Black "Marcelin, Cyril"]
[Result "0-1"]
[WhiteElo "2131"]
[BlackElo "2433"]
[PlyCount "52"]
[EventDate "2000.07.15"]
[EventType "swiss"]
[EventRounds "9"]
[EventCountry "FRA"]
[SourceTitle "EXT 2001"]
[Source "ChessBase"]
[SourceDate "2000.11.22"]
[SourceVersion "1"]
[SourceVersionDate "2000.11.22"]
[SourceQuality "1"]

1. d4 f5 2. g4 fxg4 3. e4 d5 4. e5 Bf5 5. Ne2 e6 6. Ng3 Ne7 7. Bg5 Qd7 8. Be2 Qa4 9. Nc3 Qb4 10. 0-0 c6 11. Rb1 Nd7 12. Bxg4 Bxg4 13. Qxg4 Nxe5 14. Qe2 Nf7 15. Bxe7 Bxe7 16. Qxe6 Ng5 17. Qg4 Qxd4 18. Qe2 Qe5 19. Rfe1 Qxe2 20. Rxe2 Kd7 21. Rd1 Rae8 22. Kg2 Bf6 23. Nce4 Nxe4 24. Nxe4 Kc7 25. Ng3 Rxe2 26. Nxe2 Bxb2 0-1

[Event "Syre Memorial op 23rd"]
[Site "Issy les Moulineaux"]
[Date "2000.06.02"]
[Round "2"]
[White "Guigonis, Dominique"]
[Black "Drogou, Gerard"]
[Result "1-0"]
[WhiteElo "2315"]
[BlackElo "2162"]
[PlyCount "40"]
[EventDate "2000.06.01"]
[EventType "swiss"]
[EventRounds "6"]
[EventCountry "FRA"]
[SourceTitle "CBM 076 Extra"]
[Source "ChessBase"]
[SourceDate "2000.07.11"]
[SourceVersion "1"]
[SourceVersionDate "2000.07.11"]
[SourceQuality "1"]

1. e4 e5 2. Nf3 d6 3. d4 Nf6 4. Bc4 exd4 5. Ng5 Be6 6. Nxe6 fxe6 7. Qxd4 Nc6 8. Bb5 Qd7 9. Qd3 a6 10. Ba4 Be7 11. Nc3 0-0 12. 0-0 Qe8 13. Qh3 Qf7 14. Be3 d5 15. Rad1 d4 16. Bb3 Kh8 17. Bxe6 Qg6 18. Bf5 Qf7 19. Bxd4 Nxd4 20. Rxd4 Bc5 1-0

[Event "Syre Memorial op 19th"]
[Site "Issy les Moulineaux"]
[Date "1996.??.??"]
[Round "1"]
[White "Drogou, Gerard"]
[Black "Matrand, Arnaud"]
[Result "1-0"]
[WhiteElo "2230"]
[BlackElo "2040"]
[PlyCount "123"]
[EventDate "1996.05.??"]
[EventType "swiss"]
[EventRounds "6"]
[EventCountry "FRA"]
[SourceTitle "EXT 2005"]
[Source "ChessBase"]
[SourceDate "2004.11.15"]
[SourceVersion "1"]
[SourceVersionDate "2004.11.15"]
[SourceQuality "1"]

1. d4 Nf6 2. c4 g6 3. Nc3 Bg7 4. e4 d6 5. Be2 0-0 6. Nf3 e5 7. Be3 Nbd7 8. 0-0 c6 9. Qd2 exd4 10. Nxd4 Nc5 11. f3 Re8 12. Rfd1 Qe7 13. Nc2 Bf8 14. Bf4 Be6 15. Bxd6 Qxd6 16. Qxd6 Bxd6 17. Rxd6 Red8 18. Rad1 Rxd6 19. Rxd6 a5 20. e5 Ne8 21. Rd2 Kf8 22. f4 Nc7 23. Nd4 Ke7 24. g3 Rd8 25. Nxe6 Rxd2 26. Nxc5 Rxb2 27. Kf2 b5 28. cxb5 cxb5 29. a4 Rc2 30. N3e4 bxa4 31. Nxa4 Nd5 32. h4 Ra2 33. Nec5 Kd8 34. Kf3 Ra3+ 35. Ke4 Nc3+ 36. Nxc3 Rxc3 37. Nb7+ Ke7 38. Nxa5 Rxg3 39. Nc6+ Kd7 40. Nd4 Ke7 41. f5 Rh3 42. f6+ Kf8 43. Nf3 Rh1 44. Bc4 Rc1 45. Bd5 h6 46. Bb3 Rc3 47. Nd4 Rh3 48. Nf3 Rh1 49. Ba4 Ra1 50. Bc6 Rc1 51. Kd5 Rd1+ 52. Kc5 Rd3 53. Bd5 Rc3+ 54. Kd6 Re3 55. Nd4 g5 56. Nf5 Rd3 57. hxg5 hxg5 58. Nh6 Rd1 59. Nxf7 g4 60. e6 g3 61. e7+ Ke8 62. Ne5 1-0